000 00315nam a22001217a 4500
999 _c8234
_d8234
003 OSt
005 20201007102426.0
008 201007b ||||| |||| 00| 0 eng d
082 _a352.054
_bPIN
100 _aPinto anthony david
245 _aThe Mayor the commissioner and the metropolitan administration
942 _2ddc